[Event "GER AM02-A email"]
[Site "GER email"]
[Date "2016.06.26"]
[Round "?"]
[White "Belka, Wieland"]
[Black "Jacot, Laurent"]
[Result "1/2-1/2"]
[WhiteElo "2494"]
[BlackElo "2510"]
[PlyCount "49"]
[EventDate "2016.??.??"]
[EventType "tourn (corr)"]
[EventRounds "14"]
[EventCountry "GER"]
[SourceTitle "Corr 2017"]
[Source "ChessBase"]
[SourceDate "2017.09.19"]
[SourceVersion "1"]
[SourceVersionDate "2017.09.19"]
[SourceQuality "1"]

1. e4 e5 2. Nf3 Nc6 3. d4 exd4 4. Nxd4 Nf6 5. Nxc6 bxc6 6. e5 Qe7 7. Qe2 Nd5 8. c4 Nb6 9. Nc3 Qe6 10. Qe4 g6 11. Bd2 Ba6 12. c5 Nc4 13. Be3 Nxe3 14. Bxa6 Nd5 15. Bc4 Nxc3 16. bxc3 Qe7 17. h4 Bg7 18. 0-0-0 Qxc5 19. f4 Rb8 20. Rd4 Qa3+ 21. Kd2 Bf8 22. Bb3 Qb2+ 23. Kd3 Bc5 24. e6 fxe6 25. Rxd7 1/2-1/2

[Event "GER AM02-A email"]
[Site "GER email"]
[Date "2016.06.26"]
[Round "?"]
[White "Habermehl, Tobias"]
[Black "Jacot, Laurent"]
[Result "1-0"]
[WhiteElo "2476"]
[BlackElo "2510"]
[PlyCount "129"]
[EventDate "2016.??.??"]
[EventType "tourn (corr)"]
[EventRounds "14"]
[EventCountry "GER"]
[SourceTitle "Corr 2020"]
[Source "ChessBase"]
[SourceDate "2019.09.30"]
[SourceVersion "1"]
[SourceVersionDate "2019.09.30"]
[SourceQuality "1"]

1. d4 d5 2. c4 c6 3. Nf3 Nf6 4. Nc3 e6 5. e3 Nbd7 6. Qc2 Bd6 7. g4 h6 8. Rg1 e5 9. cxd5 cxd5 10. Nb5 Bb8 11. g5 hxg5 12. Nxg5 e4 13. Bd2 Nb6 14. Rc1 Bd7 15. Bb4 Bc6 16. f4 Qd7 17. Qg2 Nh5 18. Be2 Bxb5 19. Nxf7 Qxf7 20. Bxb5+ Kd8 21. Qg5+ Qf6 22. Rc2 Rh7 23. Rcg2 Qxg5 24. Rxg5 Nd7 25. Rxh5 Rxh5 26. Rxg7 Nb6 27. Be7+ Kc7 28. Bc5+ Kc8 29. f5 Rh6 30. Rg8+ Kc7 31. Bf8 Rh7 32. f6 Nd7 33. Bxd7 Kxd7 34. Rg7+ Ke8 35. Rxh7 Kxf8 36. Kd2 Kg8 37. f7+ Kf8 38. h4 a5 39. a4 Ra6 40. Rh8+ Kxf7 41. Rxb8 Rb6 42. Kc2 Rc6+ 43. Kb3 Rc7 44. Ra8 b6 45. h5 Rc1 46. Rd8 Ke6 47. h6 Rc7 48. Rb8 Kf5 49. Rxb6 Kg4 50. Rd6 Rh7 51. Kc2 Kf3 52. Kd2 Rb7 53. Rxd5 Rxb2+ 54. Kc3 Rh2 55. Rd6 Kxe3 56. d5 Rh1 57. Rg6 Kf4 58. d6 Kf5 59. d7 Rd1 60. h7 Rd3+ 61. Kc4 Kxg6 62. h8Q Rxd7 63. Qe8+ Rf7 64. Kb5 Kf6 65. Qxe4 1-0

[Event "GER AM02-A email"]
[Site "GER email"]
[Date "2016.06.26"]
[Round "?"]
[White "Jacot, Laurent"]
[Black "Staroske, Uwe"]
[Result "1/2-1/2"]
[WhiteElo "2510"]
[BlackElo "2514"]
[PlyCount "78"]
[EventDate "2016.??.??"]
[EventType "tourn (corr)"]
[EventRounds "14"]
[EventCountry "GER"]
[SourceTitle "Corr 2017"]
[Source "ChessBase"]
[SourceDate "2017.09.19"]
[SourceVersion "1"]
[SourceVersionDate "2017.09.19"]
[SourceQuality "1"]

1. e4 c5 2. Nf3 Nc6 3. d4 cxd4 4. Nxd4 Nf6 5. Nc3 e5 6. Ndb5 d6 7. Bg5 a6 8. Na3 b5 9. Nd5 Be7 10. Bxf6 Bxf6 11. c3 0-0 12. Nc2 Bg5 13. a4 bxa4 14. Rxa4 a5 15. Bc4 Bd7 16. Nce3 Ne7 17. Ra2 Nxd5 18. Nxd5 a4 19. 0-0 Rb8 20. Bd3 Qc8 21. Nb4 Bd8 22. Bc2 Ba5 23. Nd5 Qc4 24. Qa1 Bb6 25. Bxa4 Be6 26. Bc6 Kh8 27. Nxb6 Qxc6 28. Nd5 Bxd5 29. exd5 Qxd5 30. Rd1 Qe6 31. b4 Rfd8 32. Rad2 d5 33. Qa2 d4 34. Qxe6 fxe6 35. f3 g5 36. cxd4 Rxb4 37. dxe5 Rxd2 38. Rxd2 Rb5 39. Rd7 Rxe5 1/2-1/2